00900nam a22002657a 450000100040000000500170000402000270002102000180004804000230006605000250008908200150011410000240012924500380015325000450019126000350023630000430027150000200031450500080033452001800034252100200052252100200054265000410056265000200060365000110062365920251111141625.0 a053110981X (lib. bdg.) a9780590461320 aDLCcDLCdDLCbeng00aQH541.5.S3bB28 199000a574.922201 aBaker, Lucy,d1964-10aLife in the oceans /cLucy Baker. aFirst Scholastic printing, October 1992. aNew York :bScholastic,c1992. a31 p. :bcolor illustrations ;c27 cm. aIncludes index. aS  aExamines plant and animal life, minerals, and other riches below the surface of the ocean, and the potential havoc that humans can wreak in harvesting resources from the seas. a940 bLexile  aS bRaz-Plus  0aMarine ecologyxJuvenile literature. 1aMarine biology. 1aOcean.